Atmosphere

Bibliographic Details
Main Author: Baines, John
Format: Book
Published: England : Wayland , 1991
Subjects:

MARC

LEADER 00000cam a2200000 7i4500
001 0000005985
002 000006462
005 20000330.0
020 |a 0750205873 
090 0 0 |a J 551.5   |b BAI 
100 1 |a Baines, John 
245 1 0 |a Atmosphere   |c John Baines 
260 |a England :   |b Wayland ,   |c 1991 
300 |a 48p. ;   |c 27cm. 
650 0 0 |a Atmosphere   |x Juvenile literature 
999 |a 037805   |b BUKU   |c PINJAMAN   |e PERPUSTAKAAN KOMUNITI PETALING JAYA